| 000 | 00518nam a2200169 a 4500 | ||
|---|---|---|---|
| 003 | BD-DhJNU | ||
| 005 | 20250703065621.0 | ||
| 008 | 250501s1968 ii a b 001 0 eng | ||
| 040 |
_aBD-DhJNU _bENG _cBD-DhJNU _dBD-DhJNU |
||
| 082 | 0 | 0 |
_a305.52094 PEA _223 |
| 100 | 1 | _aPerrott, Roy | |
| 245 | 1 | 4 |
_aThe aristocrats : _ba portrait of today's nobility and their way of life / _cRoy Perrott |
| 260 |
_aLondon : _bC Tinling & Co Ltd, _c1968. |
||
| 300 |
_axiv, 275 p. : _bill. ; _c22 cm. |
||
| 650 | 0 | _aAristocrats | |
| 942 | _cBK | ||
| 999 |
_c1869 _d1869 |
||